Elementary geometry from an advanced standpoint / (Record no. 24193)

000 -LEADER
fixed length control field 00690nam a2200217 4500
001 - CONTROL NUMBER
control field 2667941
005 - DATE AND TIME OF LATEST TRANSACTION
control field 20170128092652.0
008 - FIXED-LENGTH DATA ELEMENTS--GENERAL INFORMATION
fixed length control field 740315s1974 maua 001 0 eng
010 ## - LIBRARY OF CONGRESS CONTROL NUMBER
LC control number 73002347
020 ## - INTERNATIONAL STANDARD BOOK NUMBER
International Standard Book Number 0201047934
040 ## - CATALOGING SOURCE
Original cataloging agency DLC
Transcribing agency DLC
Modifying agency DLC
050 00 - LIBRARY OF CONGRESS CALL NUMBER
Classification number QA445
Item number .M67 1974
100 1# - MAIN ENTRY--PERSONAL NAME
Personal name Moise, Edwin E.
245 10 - TITLE STATEMENT
Title Elementary geometry from an advanced standpoint /
Statement of responsibility, etc. [by] Edwin E. Moise.
250 ## - EDITION STATEMENT
Edition statement 2d ed.
260 ## - PUBLICATION, DISTRIBUTION, ETC. (IMPRINT)
Place of publication, distribution, etc. Reading, Mass :
Name of publisher, distributor, etc. [Addison-Wesley Pub. Co.,
Date of publication, distribution, etc. 1974]
300 ## - PHYSICAL DESCRIPTION
Extent xv, 425 p. :
Other physical details illus. ;
Dimensions 25 cm.
650 #0 - SUBJECT ADDED ENTRY--TOPICAL TERM
Topical term or geographic name as entry element Geometry.
700 ## - ADDED ENTRY--PERSONAL NAME
Personal name Moise,Edwin E.
942 ## - ADDED ENTRY ELEMENTS (KOHA)
Source of classification or shelving scheme
Koha item type Hard Covered Materials
Classification part QA445 .M67 1974
Holdings
Withdrawn status Lost status Source of classification or shelving scheme Damaged status Not for loan Home library Current library Shelving location Date acquired Source of acquisition Total Checkouts Full call number Barcode Date last seen Price effective from Koha item type
          MACHAKOS UNIVERSITY LIBRARY MACHAKOS UNIVERSITY LIBRARY Technical section 28/01/2017 Donation(BFA)   QA445 .M67 1974 32880 31/05/2018 28/01/2017 Hard Covered Materials
© Machakos University Library, Along The Highway, Machakos Wote Rd, Machakos, Kenya P.O. Box 136 - 90100 Machakos - Kenya

Tel: ( +254 ) 723 805829 OR Fax : 044-20353 OR Email: library@mksu.ac.ke